| 000 | 00481cam a22001457a 4500 | ||
|---|---|---|---|
| 008 | 180718b1985 xxu||||| |||| 00| 0 eng d | ||
| 082 | _aT1296x5421 M687 | ||
| 100 | _aMishra, G.P. | ||
| 245 |
_aVillage industries and agriculture in changing agrarian situation _cby G.P. Mishra, Ravi P. Rai and Brijesh K. Bajpal |
||
| 260 |
_aDelhi _bAshish _c1985 |
||
| 300 | _a120p. | ||
| 650 | _aIndustry, Rural - India - Uttar Pradesh | ||
| 700 | _aBajpal, Brijesh K. | ||
| 700 | _aRai, Ravi P. | ||
| 999 |
_c477057 _d477057 |
||